00829nam a2200253 a 450000100060000000300090000600800410001502000180005604000280007409000090010210000250011124500650013625000120020126000430021330000270025649000130028365000320029665000410032865000290036991700180039894200120041699900170042895201300044524565CO-ViMGA141112s2004 ck r 000 u spa d a9788493486389 aCO-ViMGAbspacCO-ViMGA aSAVg1 aSavino, Irene93656210aíGuau! íGuau! / cIlustraciones y texto de Irene Savino. a1a. ed. aCaracas : bEdiciones Ekaré, c2007. a[12] p. : il. ; 14 cm. aPikinini14aCanciones infantiles 9102814aLibros ilustrados para niños9200114aPrimera infancia 936563 a2795 20080512 2ddccBK c32389d32389 00102ddc40708008aMEVIECARbMEVIECARd2015-12-04h06/sep/2012l0oSAVgp25353r2015-12-04 00:00:00tEj. 1w2015-12-04yBK